Синтез КИХ-фильтра методом частотной выборки; Инженерия для освоения космоса
| Parent link: | Инженерия для освоения космоса.— 2017.— [С. 110-113] |
|---|---|
| 1. autor: | |
| Korporacja: | |
| Kolejni autorzy: | |
| Streszczenie: | Заглавие с экрана В настоящее время методы цифровой обработки сигналов (ЦОС) широко применяются вразличных областях для решения задач фильтрации сигналов. Характерными свойствами ЦОС является высокая точность, технологичность, нечувствительность к дестабилизирующим факторам, функциональная гибкость. Статья посвящена математической модели КИХ-фильтров и процессу их синтеза методом частотной выборки. At present, the digital signal processing method (DSP) are widely used in various fields to solve signal filtering problems. Characteristic properties DSP are high accuracy, manufacturability, insensitivity to destabilizing factor, functional flexibility. The paper focuses on the mathematical model of FIR filters and the process of their synthesis by frequency sampling method. |
| Język: | rosyjski |
| Wydane: |
2017
|
| Seria: | Электроника, микроэлектроника, телекоммуникации и космическая связь |
| Hasła przedmiotowe: | |
| Dostęp online: | http://earchive.tpu.ru/handle/11683/41272 |
| Format: | MixedMaterials Elektroniczne Rozdział |
| KOHA link: | https://koha.lib.tpu.ru/cgi-bin/koha/opac-detail.pl?biblionumber=622626 |
MARC
| LEADER | 00000naa2a2200000 4500 | ||
|---|---|---|---|
| 001 | 622626 | ||
| 005 | 20260213133856.0 | ||
| 035 | |a (RuTPU)RU\TPU\conf\21421 | ||
| 035 | |a RU\TPU\conf\21420 | ||
| 090 | |a 622626 | ||
| 100 | |a 20170628d2017 k y0rusy50 ca | ||
| 101 | 0 | |a rus | |
| 102 | |a RU | ||
| 105 | |a y z 101zy | ||
| 135 | |a drgn ---uucaa | ||
| 181 | 0 | |a i | |
| 182 | 0 | |a b | |
| 200 | 1 | |a Синтез КИХ-фильтра методом частотной выборки |d Fir filter design using frequency sampling method |f Буй Дык Бьен |g науч. рук. П. Ф. Баранов | |
| 203 | |a Текст |c электронный | ||
| 225 | 1 | |a Электроника, микроэлектроника, телекоммуникации и космическая связь | |
| 300 | |a Заглавие с экрана | ||
| 320 | |a [Библиогр.: с. 113 (5 назв.)] | ||
| 330 | |a В настоящее время методы цифровой обработки сигналов (ЦОС) широко применяются вразличных областях для решения задач фильтрации сигналов. Характерными свойствами ЦОС является высокая точность, технологичность, нечувствительность к дестабилизирующим факторам, функциональная гибкость. Статья посвящена математической модели КИХ-фильтров и процессу их синтеза методом частотной выборки. | ||
| 330 | |a At present, the digital signal processing method (DSP) are widely used in various fields to solve signal filtering problems. Characteristic properties DSP are high accuracy, manufacturability, insensitivity to destabilizing factor, functional flexibility. The paper focuses on the mathematical model of FIR filters and the process of their synthesis by frequency sampling method. | ||
| 463 | 0 | |0 (RuTPU)RU\TPU\conf\21387 |t Инженерия для освоения космоса |o сборник научных трудов V Международного молодежного форума, г. Томск, 18-20 апреля 2017 г. |f Национальный исследовательский Томский политехнический университет (ТПУ) ; под ред. В. Н. Борикова [и др.] |v [С. 110-113] |d 2017 | |
| 510 | 1 | |a Fir filter design using frequency sampling method |z eng | |
| 610 | 1 | |a труды учёных ТПУ | |
| 610 | 1 | |a электронный ресурс | |
| 610 | 1 | |a КИХ-фильтры | |
| 610 | 1 | |a математические модели | |
| 610 | 1 | |a синхронные усилители | |
| 610 | 1 | |a детектирование | |
| 610 | 1 | |a цифровые элементы | |
| 700 | 0 | |a Буй Дык Бьен | |
| 702 | 1 | |a Баранов |b П. Ф. |c специалист в области контрольно-измерительной техники |c доцент Томского политехнического университета, программист, кандидат технических наук |f 1987- |g Павел Федорович |4 727 | |
| 712 | 0 | 2 | |a Национальный исследовательский Томский политехнический университет |c (2009- ) |9 26305 |
| 801 | 2 | |a RU |b 63413507 |c 20170705 |g RCR | |
| 856 | 4 | |u http://earchive.tpu.ru/handle/11683/41272 | |
| 942 | |c BK | ||